书目信息 |
| 书名: | CONTEMPORARY CORRECTIONS | |
| 作者: | G.Larry Mays and L.Thomas Winfree. | |
| 分册号: | ||
| 分册名: | 出版地: | BELMONT,CA : |
|
| 出版社: | WADSWORTH PUBLISHING COMPANY | |
| 出版时间: | 1998. | |
| 页数: | 462 p. ; | |
| 开本: | 25cm. | |
| 丛书名: | ||
| 中图分类号: | ||
| 科图分类号: | ||
| 其他分类号: | D916.7 | |
| 主题词: | ||
| 电子资源: | ||
| 000 | 00470nam 2200157 a 4500 | |
| 001 | E0757290407 | |
| 005 | 20070423155916.03 | |
| 008 | 070423s1998 00010 eng | |
| 020 | @a0-534-54216-6. | |
| 040 | @aPFT@beng | |
| 090 | @aD916.7 | |
| 099 | @dD916.7@ex72 | |
| 245 | @aCONTEMPORARY CORRECTIONS / @cG.Larry Mays and L.Thomas Winfree. | |
| 260 | @aBELMONT,CA :@bWADSWORTH PUBLISHING COMPANY,@c1998. | |
| 300 | @a462 p. ;@c25cm. | |
| 700 | @aMays,G.Larry and Winfree,L.Thomas | |
| CONTEMPORARY CORRECTIONS / / G.Larry Mays and L.Thomas Winfree.-BELMONT,CA : : WADSWORTH PUBLISHING COMPANY, , 1998. |
| 462 p. ; ; 25cm. |
| ISBN 0-534-54216-6. |
| ● |
| 相关链接 |
|
|
|
|
正题名:CONTEMPORARY CORRECTIONS
索取号:D916.7/x72
 
预约/预借
| 序号 | 登录号 | 条形码 | 馆藏地/架位号 | 状态 | 备注 |
| 1 | 4821 | 300048213 | 第二样本阅览室/ [索取号:D916.7/x72] | 在馆 | |
| 2 | 4822 | 300048222 | 密集书库/ [索取号:D916.7/x72] | 在馆 | |
| 3 | 4823 | 300048231 | 密集书库/ [索取号:D916.7/x72] | 在馆 | |
| 4 | 4824 | 300048240 | 第四借阅区/ [索取号:D916.7/x72] | 在馆 | |
| 5 | 4825 | 300048259 | 第四借阅区/ [索取号:D916.7/x72] | 在馆 | |
| 6 | 4826 | 300048268 | 第四借阅区/ [索取号:D916.7/x72] | 在馆 |